Catálogo público

Reporte de prácticas de campo en la empresa Green Hills Coffee, Medellín, Colombia / (Record no. 217591)

MARC details
000 -CABECERA
campo de control de longitud fija 02311nam a2200373 a 4500
003 - IDENTIFICADOR DEL NÚMERO DE CONTROL
campo de control CHAP
005 - FECHA Y HORA DE LA ÚLTIMA TRANSACCIÓN
campo de control 20240520132728.0
007 - CAMPO FIJO DE DESCRIPCIÓN FÍSICA--INFORMACIÓN GENERAL
campo de control de longitud fija ta
008 - DATOS DE LONGITUD FIJA--INFORMACIÓN GENERAL
campo de control de longitud fija 220809s2020 mx eodbfr|||| 001 0 spa d
040 ## - FUENTE DE LA CATALOGACIÓN
Centro catalogador/agencia de origen mxchpua
090 ## - LOCALMENTE ASIGNADO TIPO-LC NÚMERO DE CLASIFICACIÓN (OCLC); NÚMERO DE CLASIFICACIÓN LOCAL (RLIN)
Número de clasificación (OCLC) (R) ; Numero de clasificación, CALL (RLIN) (NR) T.C.849
Número cutter local (OCLC) ; Número de libro/Signatura topográfica íntegra, CALL (RLIN) L67 EIUPA
Año 2020
245 10 - MENCIÓN DE TÍTULO
Título Reporte de prácticas de campo en la empresa Green Hills Coffee, Medellín, Colombia /
Mención de responsabilidad, etc. coordinadores Vicente López Bautista y Evelio Aguilar Gudino ; colaboradores Zaida Álvarez Juárez...[y otros]
260 ## - PUBLICACIÓN, DISTRIBUCIÓN, ETC.
Lugar de publicación, distribución, etc. Chapingo, México :
Nombre del editor, distribuidor, etc. El autor,
Fecha de publicación, distribución, etc. 2020
300 ## - DESCRIPCIÓN FÍSICA
Extensión 177 hojas :
Otras características físicas ilustraciones, gráficas, planos, fotos +
Material acompañante/anejo 1 CD-ROM
336 ## - TIPO DE CONTENIDO
Fuente rdacontent
Término de tipo de contenido texto
Código de tipo de contenido txt
337 ## - TIPO DE MEDIO
Fuente rdamedia
Nombre/término del tipo de medio no mediado
Código del tipo de medio n
338 ## - TIPO DE SOPORTE
Fuente rdacarrier
Nombre/término del tipo de soporte volumen
Código del tipo de soporte nc
500 ## - NOTA GENERAL
Nota general Grado: 7° año Grupo: 02, 04 y 05
502 ## - NOTA DE TESIS
Nota de tesis Viaje de Estudios
Tipo de título (EIUPA) --
Nombre de la institución que otorga el título UACh. Departamento de Ingeniería Agroindustrial,
Año de obtención del título 2020
504 ## - NOTA DE BIBLIOGRAFÍA, ETC.
Nota de bibliografía, etc. Bibliografía: hojas 117-119
505 0# - NOTA DE CONTENIDO CON FORMATO
Nota de contenido con formato Contiene10 planos: --<br/>1. Plano de Distribución de áreas Finca La Loma 1 (Esc. 1:20) --<br/>2. Plano de Distribución de áreas La Loma 2 (Esc. 1:20) --<br/>3. Plano de Distribución de áreas Finca La Merced (Esc. 1:30) --<br/>4. Plano de Distribución de equipo Finca La Merced (Esc. 1:30) --<br/>5. Plano de Distribución de áreas Trilladora (Esc. 1:20) --<br/>6. Plano de Distribución de equipo Trilladora (Esc. 1:20) --<br/>7. Plano de Diagrama de flujo del Beneficio Húmedo --<br/>8. Plano de Diagrama de flujo del Beneficio Seco --<br/>9. Plano de recorrido en el proceso de trilla (Esc. 1:20) --<br/>10. Plano DTI
650 13 - PUNTO DE ACCESO ADICIONAL DE MATERIA--TÉRMINO DE MATERIA
Término de materia o nombre geográfico como elemento de entrada Café
Subdivisión general Organización industrial y estructura de mercado
Subdivisión geográfica Colombia
-- Medellín
650 13 - PUNTO DE ACCESO ADICIONAL DE MATERIA--TÉRMINO DE MATERIA
Término de materia o nombre geográfico como elemento de entrada Semillas de café
Subdivisión general Calidad de los cultivos
650 13 - PUNTO DE ACCESO ADICIONAL DE MATERIA--TÉRMINO DE MATERIA
Término de materia o nombre geográfico como elemento de entrada Productos del café
Subdivisión general Control de calidad
650 13 - PUNTO DE ACCESO ADICIONAL DE MATERIA--TÉRMINO DE MATERIA
Término de materia o nombre geográfico como elemento de entrada Productos del café
Subdivisión general Comercialización
650 13 - PUNTO DE ACCESO ADICIONAL DE MATERIA--TÉRMINO DE MATERIA
Término de materia o nombre geográfico como elemento de entrada Coffee
Subdivisión general Industrial organization and market structure
Subdivisión geográfica Colombia
-- Medellín
650 13 - PUNTO DE ACCESO ADICIONAL DE MATERIA--TÉRMINO DE MATERIA
Término de materia o nombre geográfico como elemento de entrada Coffee beans
Subdivisión general Crop quality
650 13 - PUNTO DE ACCESO ADICIONAL DE MATERIA--TÉRMINO DE MATERIA
Término de materia o nombre geográfico como elemento de entrada Coffee products
Subdivisión general Quality control
650 13 - PUNTO DE ACCESO ADICIONAL DE MATERIA--TÉRMINO DE MATERIA
Término de materia o nombre geográfico como elemento de entrada Coffee products
Subdivisión general Commercialization
700 1# - PUNTO DE ACCESO ADICIONAL--NOMBRE DE PERSONA
Nombre de persona López Bautista, Vicente
Término indicativo de función/relación coordinador
9 (RLIN) 147030
700 1# - PUNTO DE ACCESO ADICIONAL--NOMBRE DE PERSONA
Nombre de persona Aguilar Gudino, Evelio
Término indicativo de función/relación coordinador
9 (RLIN) 149929
700 1# - PUNTO DE ACCESO ADICIONAL--NOMBRE DE PERSONA
9 (RLIN) 185329
Nombre de persona Álvarez Juárez, Zaida
Término indicativo de función/relación colaborador
856 41 - LOCALIZACIÓN Y ACCESO ELECTRÓNICOS
Identificador Uniforme del Recurso <a href="http://10.13.5.2/ve/T_C_849_EIUPA/T_C_849_EIUPA_2020_REPORTE.pdf">http://10.13.5.2/ve/T_C_849_EIUPA/T_C_849_EIUPA_2020_REPORTE.pdf</a>
Texto de enlace DESCARGAR REPORTE
Holdings
Estado de retiro Estado de pérdida Fuente del sistema de clasificación o colocación Estado dañado Restricciones de uso No para préstamo Código de colección Localización permanente Ubicación/localización actual Fecha de adquisición Fuente de adquisición Total de préstamos Signatura topográfica completa Código de barras Fecha visto por última vez Número de copia Tipo de ítem Koha Ubicación en estantería Precio válido a partir de
    Clasificación Universidad Autónoma de Chapingo   Préstamo interno   Viajes de Estudio Ingenieria Agroindustrial Ingenieria Agroindustrial 09/08/2022 El autor   T.C.849 L67 EIUPA 2020 1106013568 26/01/2026 Ej.1 Viaje de Estudios    
    Clasificación Universidad Autónoma de Chapingo   Préstamo 5 días   Viajes de Estudio Ingenieria Agroindustrial Ingenieria Agroindustrial 09/08/2022 El autor   T.C.849 L67 EIUPA 2020 1106013569 26/01/2026 Ej.2 Viaje de Estudios    
    Clasificación Universidad Autónoma de Chapingo   Préstamo interno   Viajes de Estudio Ingenieria Agroindustrial Ingenieria Agroindustrial 09/08/2022 El autor   T.C.849 L67 EIUPA 2020 1106013570 09/08/2022 Ej.3 CD    
    Clasificación Universidad Autónoma de Chapingo       Viajes de estudio - En línea Ingenieria Agroindustrial Ingenieria Agroindustrial 22/02/2023 El autor   T.C.849 L67 EIUPA 2020 1206013568 22/02/2023   Viajes de Estudio - En línea En línea 22/02/2023